The case of the officers, ministers and attendants of his Majesty's late descent train of artillery, : commanded by Sir Martin Beckman.

Bibliographic Details
Format: eBook
Language:English
Published: [London : publisher not identified, 1693]
Series:Early English books online.
Subjects:
Online Access:Connect to the full text of this electronic book

MARC

Tag First Indicator Second Indicator Subfields
LEADER 00000nam a2200000Ia 4500
001 in00004322331
005 20200812090929.0
006 m g d
007 cr bn |||a|bb|
008 030509s1693 enk o 000 0 eng d
035 |a (OCoLC)52211961 
040 |a EAE  |c EAE  |e dcrb 
037 |a CL0037000118  |b ProQuest Information and Learning. 300 N. Zeeb Rd., Ann Arbor, MI 48106 
043 |a e-uk-en 
090 |a KD6099  |b .A25 1693 
049 |a UMIA 
245 0 4 |a The case of the officers, ministers and attendants of his Majesty's late descent train of artillery, :  |b commanded by Sir Martin Beckman. 
260 |a [London :  |b publisher not identified,  |c 1693] 
300 |a 1 online resource (1 sheet ([1] pages) 
336 |a text  |b txt  |2 rdacontent 
337 |a computer  |b c  |2 rdamedia 
338 |a online resource  |b cr  |2 rdacarrier 
500 |a Caption title. 
500 |a Publication data suggested by Wing. 
500 |a Reproduction of the original in the Lincoln's Inn Library. 
510 4 |a Wing (2nd edition)  |c C1118 
533 |a Electronic reproduction.  |b Ann Arbor, Mich. :  |c UMI,  |d 1999-  |f (Early English books online)  |n Digital version of: (Early English Books, 1641-1700 ; 2739:40)  |7 s1999 miun s 
650 0 |a Guards troops  |z England  |x Salaries, etc.  |v Early works to 1800. 
610 1 0 |a England and Wales.  |b Army  |x Pay, allowances, etc.  |x Law and legislation  |v Early works to 1800. 
655 7 |a Broadsides  |z England  |y 17th century.  |2 rbgenr 
830 0 |a Early English books online. 
856 4 0 |u http://proxy.library.tamu.edu/login?url=https://search.proquest.com/docview/2248529397  |z Connect to the full text of this electronic book  |t 0 
999 f f |s bd1d87df-6dee-3a10-b1ad-8ae8bc0424c9  |i ba17b6f5-c113-3b60-b980-529a5b889947  |t 0 
952 f f |a Texas A&M University  |b College Station  |c Electronic Resources  |d Available Online  |t 0  |e KD6099 .A25 1693  |h Library of Congress classification 
998 f f |a KD6099 .A25 1693  |t 0  |l Available Online